| 000 | 03671cgm a2200733Ii 4500 | ||
|---|---|---|---|
| 001 | ocn944047455 | ||
| 003 | OCoLC | ||
| 005 | 20160420084821.0 | ||
| 007 | vd cvaizq | ||
| 008 | 160307s2016 cau104 vleng d | ||
| 040 |
_aTEFMT _beng _erda _cTEFMT _dTEF _dTEFMT _dTEF _dOCLCO _dBDX _dIK2 _dRLS _dOCLCO _dVPI _dOJ4 _dOCLCO _dUINTA |
||
| 024 | 1 | _a043396462939 | |
| 024 | 1 | _a043396471627 | |
| 028 | 4 | 2 |
_a46293 _bSony Pictures |
| 035 | _a(OCoLC)944047455 | ||
| 037 |
_bMidwest Tape _nhttp://www.midwesttapes.com |
||
| 041 | 1 |
_aeng _afre _apor _aspa _atha _jchi _jeng _jfre _jkor _jpor _jspa _jtha _heng |
|
| 050 | 4 |
_aPN1997.2 _b.L33 2016 |
|
| 082 | 0 | 4 |
_a791.43/72 _223 |
| 049 | _aUCLB | ||
| 245 | 0 | 4 |
_aThe lady in the van / _ca Sony Pictures Classics Release ; Tristar Pictures and BBC Films ; produced by Kevin Loader, Nicholas Hytner, Damian Jones ; directed by Nicholas Hytner ; screenplay by Alan Bennett. |
| 264 | 1 |
_aCulver City, CA : _bSony Pictures Home Entertainment, _c[2016] |
|
| 300 |
_a1 videodisc (approximately 104 min.) : _bsound, color ; _c4 3/4 in. |
||
| 336 | _atwo-dimensional moving image | ||
| 337 | _avideo | ||
| 338 | _avideodisc | ||
| 344 |
_adigital _boptical _gsurround _hDolby Digital 5.1 _hDSS _2rda |
||
| 347 |
_avideo file _bDVD video _2rda |
||
| 380 | _aMotion picture. | ||
| 538 | _aDVD, region 1, (1.85:1) anamorphic widescreen; 5.1 Dolby Digital. | ||
| 546 | _aEnglish, French, Spanish, Portuguese or Thai dialogue; Spanish, French, Mandarin, Portuguese, Thai, Korean or English subtitles; closed-captioned; audio description track. | ||
| 500 | _aTitle from container. | ||
| 511 | 1 | _aMaggie Smith, Alex Jennings, Jim Broadbent. | |
| 508 | _aDirector of photography, Andrew Dunn ; editor, Tariq Anwar ; music by George Fenton. | ||
| 500 | _aOriginally released as a motion picture in 2015. | ||
| 500 | _aWidescreen (1.85). | ||
| 521 | 8 | _aRating: PG-13; for a brief unsettling image. | |
| 520 | _aThe film tells the true story of the relationship between Alan Bennett and the singular Miss Shepherd, a woman of uncertain origins who 'temporarily' parked her van in Bennett's London driveway and proceeded to live there for fifteen years. | ||
| 600 | 1 | 0 |
_aBennett, Alan, _d1934- _vDrama. |
| 650 | 0 |
_aHomeless women _vDrama. |
|
| 650 | 0 |
_aInterpersonal relations _vDrama. |
|
| 655 | 7 |
_aFeature films. _2lcgft |
|
| 655 | 7 |
_aComedy films. _2lcgft |
|
| 655 | 7 |
_aVideo recordings for the hearing impaired. _2lcgft |
|
| 655 | 7 |
_aVideo recordings for people with visual disabilities. _2lcgft |
|
| 700 | 1 |
_aHytner, Nicholas, _efilm director, _efilm producer. |
|
| 700 | 1 |
_aLoader, Kevin, _efilm producer. |
|
| 700 | 1 |
_aJones, Damian, _d1964- _efilm producer. |
|
| 700 | 1 |
_aBennett, Alan, _d1934- _escreenwriter. |
|
| 700 | 1 |
_aSmith, Maggie, _d1934- _eactor. |
|
| 700 | 1 |
_aJennings, Alex, _eactor. |
|
| 700 | 1 |
_aBroadbent, Jim, _eactor. |
|
| 710 | 2 |
_aSony Pictures Classics (Firm), _eproduction company. |
|
| 710 | 2 |
_aTri-Star Pictures, _eproduction company. |
|
| 710 | 2 |
_aBritish Broadcasting Corporation, _eproduction company. |
|
| 710 | 2 |
_aSony Pictures Home Entertainment (Firm), _epublisher. |
|
| 730 | 0 | 2 |
_iContainer of (work): _aLady in the van (Motion picture) |
| 730 | 0 | 2 |
_iContainer of (expression): _aLady in the van (Motion picture). _lFrench. |
| 730 | 0 | 2 |
_iContainer of (expression): _aLady in the van (Motion picture). _lSpanish. |
| 730 | 0 | 2 |
_iContainer of (expression): _aLady in the van (Motion picture). _lPortuguese. |
| 730 | 0 | 2 |
_iContainer of (expression): _aLady in the van (Motion picture). _lThai. |
| 938 |
_aBrodart _bBROD _n115040218 |
||
| 994 |
_aC0 _bUINTA |
||
| 999 |
_c208467 _d208467 |
||